| 000 | 00387nam a2200157Ia 4500 | ||
|---|---|---|---|
| 008 | 230917s9999||||xx |||||||||||||| ||und|| | ||
| 040 |
_e150215 _aMAIN |
||
| 041 | _aEnglish | ||
| 082 | _a340.1 P274I | ||
| 100 | _aPaton, George Whitecross | ||
| 245 | 2 | _aA text-book of jurisprudence | |
| 250 | _a4th ed. | ||
| 260 |
_aOxford _bClarendon _c1972 |
||
| 300 | _axv, 600 p. | ||
| 942 | _cBK | ||
| 999 |
_c204197 _d204197 |
||